000 00774nam a22002177a 4500
999 _c11412
_d11412
003 AR-CdUCM
008 190403b ||||| |||| 00| 0 spa d
040 _aMUNICIPALIDAD PROVINCIAL DEL CUSCO
_cBIBLIOTECA MUNICIPAL DEL CUSCO
082 _a869.56 /
_bG19J / 1912
100 _aGálvez, José
_9225
245 _aJardín cerrado :
_bpoemas y canciones /
260 _aParís :
_bGarnier hermanos,
_c1912.
300 _a141 páginas ;
_bFotografía,
_c18 cm.
440 _aBiblioteca poética
_928762
505 _aContenido: Discurso de Don Raimundo Morales de la Torre -- Cantó a España -- Reino interior -- Palabras líricas ...
650 _aLiteratura peruana
_9169
650 _aPoemas
_9929
650 _aCanciones
_914568
942 _2ddc
_cLIBROS
945 _awnts